Normal view
MARC view
- الكيلاني،عثمان/م مشارك:هلال البياتي،علاء السالمي
Entry Personal Name
001 - CONTROL NUMBER
- control field: 31604
003 - CONTROL NUMBER IDENTIFIER
- control field: JO-AjAnu
005 - DATE AND TIME OF LATEST TRANSACTION
- control field: 20230606075323.0
008 - FIXED-LENGTH DATA ELEMENTS
- fixed length control field: 230606|| aca||aabn | a|a d
040 ## - CATALOGING SOURCE
- Original cataloging agency: JO-AjAnu
- Transcribing agency: JO-AjAnu
100 ## - HEADING--PERSONAL NAME
- Personal name: الكيلاني،عثمان/م مشارك:هلال البياتي،علاء السالمي
670 ## - SOURCE DATA FOUND
- Source citation: Work cat.: (JO-AjAnu)16226: الكيلاني،عثمان/م مشارك:هلال البياتي،علاء السالمي, author, المدخل الى نظم المعلومات الادارية